[Event "ICS rated blitz match"]
[Site "204.178.125.65"]
[Date "2000.08.01"]
[Round "?"]
[White "MissSilicon"]
[Black "Hossa"]
[Result "1-0"]
[WhiteElo "2682"]
[BlackElo "2492"]
[PlyCount "111"]
[EventDate "2000.??.??"]

1. e4 e5 2. f4 exf4 3. Nf3 g5 4. h4 g4 5. Ne5 Nf6 6. d4 d6 7. Nd3 Nxe4 8. Bxf4
Bg7 9. c3 O-O 10. Be2 Qe7 11. Nb4 Be6 12. h5 a5 13. Nd3 f5 14. Qa4 Nd7 15. h6
Bh8 16. Nd2 Bd5 17. Nf1 Qe6 18. Ne3 Nb6 19. Qc2 Bxa2 20. Nc1 Bc4 21. Nxc4 Nxc4
22. Qb3 d5 23. Ra4 Nb6 24. Ra1 Qe7 25. Qb5 Ra6 26. Rxa5 c6 27. Qb4 Qxb4 28.
cxb4 Rxa5 29. bxa5 Na4 30. Nb3 Nxb2 31. O-O Nc4 32. Rc1 Nxa5 33. Nxa5 Bxd4+ 34.
Kf1 Rf7 35. Rb1 Bc3 36. Nxb7 Bd2 37. Bb8 Bxh6 38. Rb4 Rf8 39. Ba7 Bd2 40. Ra4
Ng3+ 41. Kf2 Re8 42. Kxg3 Rxe2 43. Nd8 h5 44. Nxc6 Be1+ 45. Kf4 Rxg2 46. Kxf5
Kh7 47. Bd4 Rf2+ 48. Bxf2 Bxf2 49. Rb4 Bc5 50. Rb7+ Kh6 51. Nd8 Bf8 52. Ne6 Bg7
53. Nxg7 h4 54. Ne8 h3 55. Nf6 d4 56. Rh7# {Hossa checkmated} 1-0

[Event "ICS rated blitz match"]
[Site "204.178.125.65"]
[Date "2000.08.01"]
[Round "?"]
[White "Einsteller"]
[Black "Hossa"]
[Result "0-1"]
[WhiteElo "2164"]
[BlackElo "2488"]
[PlyCount "56"]
[EventDate "2000.??.??"]

1. Nf3 Nc6 2. d4 d5 3. g3 Bf5 4. Bg2 e6 5. O-O Bd6 6. a3 Nf6 7. Nbd2 a5 8. c4
a4 9. c5 Be7 10. b4 axb3 11. Nxb3 Ne4 12. Bb2 Bf6 13. e3 b6 14. Nfd2 Nxd2 15.
Qxd2 b5 16. f3 e5 17. e4 Be6 18. f4 exd4 19. e5 Be7 20. f5 Bg5 21. Qd3 Be3+ 22.
Kh1 Nxe5 23. Qe2 Bd7 24. Nxd4 Nc4 25. Bxd5 O-O 26. Bxc4 Bxd4 27. Bxd4 Bc6+ 28.
Rf3 Qxd4 0-1

[Event "ICS rated standard match"]
[Site "204.178.125.65"]
[Date "2000.08.01"]
[Round "?"]
[White "SpaceChess"]
[Black "Hossa"]
[Result "1-0"]
[WhiteElo "2518"]
[BlackElo "2312"]
[PlyCount "129"]
[EventDate "2000.??.??"]

1. e4 c5 2. Nf3 d6 3. d4 cxd4 4. Nxd4 e5 5. Nf3 Nf6 6. Nc3 Nc6 7. Bc4 Be6 8.
Bxe6 fxe6 9. Bg5 Be7 10. O-O Qd7 11. Qd3 h6 12. Bxf6 gxf6 13. a3 O-O-O 14. Rad1
f5 15. Rd2 fxe4 16. Qxe4 d5 17. Qg4 Rdf8 18. Qh3 Bg5 19. Rd3 Bf6 20. Ne4 Be7
21. Re1 Kc7 22. c4 d4 23. b4 Rf5 24. Ng3 Rf4 25. b5 Nd8 26. Nxe5 Qe8 27. Nh5
Rh4 28. Ng7 Qg8 29. Qg3 Kc8 30. Ng6 Qxg7 31. Nxh4 Qf6 32. Ng6 Rh7 33. Nxe7+
Rxe7 34. Re5 b6 35. Rxd4 Rg7 36. Qe3 Rc7 37. h3 Kb8 38. Ree4 Kc8 39. Rf4 Qg7
40. Qf3 Rd7 41. Qa8+ Kc7 42. Rxd7+ Qxd7 43. Qxa7+ Nb7 44. Rf6 h5 45. Rh6 h4 46.
Rh8 Qd1+ 47. Kh2 Qd6+ 48. g3 hxg3+ 49. Kg2 Qe7 50. Qb8+ Kd7 51. Qxb7+ Kd6 52.
Qxb6+ Ke5 53. Qe3+ Kf5 54. Qf3+ Ke5 55. Qxg3+ Kd4 56. Qe3+ Kxc4 57. Rc8+ Kd5
58. f4 e5 59. Qd3+ Ke6 60. Rc6+ Kf7 61. Qg6+ Kf8 62. Rc8+ Qd8 63. Rxd8+ Ke7 64.
Re8+ Kd7 65. Qc6# {Hossa checkmated} 1-0

[Event "ICS rated standard match"]
[Site "204.178.125.65"]
[Date "2000.08.01"]
[Round "?"]
[White "Hossa"]
[Black "FLYINGsquirrel"]
[Result "1-0"]
[WhiteElo "2305"]
[BlackElo "1953"]
[PlyCount "73"]
[EventDate "2000.??.??"]

1. e4 c5 2. Nf3 Nc6 3. Bb5 g6 4. O-O Bg7 5. Bxc6 dxc6 6. d3 b6 7. Re1 e5 8. a4
Ne7 9. a5 Bg4 10. h3 Bxf3 11. Qxf3 O-O 12. Rf1 Qd6 13. axb6 axb6 14. Rxa8 Rxa8
15. Nc3 f5 16. Bg5 Rf8 17. Bxe7 Qxe7 18. exf5 gxf5 19. Qxc6 f4 20. Qxb6 h5 21.
Nd5 Qh4 22. Qxc5 f3 23. Qc4 Qg5 24. g3 Kh8 25. Ra1 Re8 26. b4 e4 27. Re1 h4 28.
Rxe4 Rxe4 29. Qxe4 hxg3 30. Ne3 gxf2+ 31. Kxf2 Qh5 32. Qg4 Qh6 33. Kxf3 Qc6+
34. Ke2 Bh6 35. Qd4+ Bg7 36. Qd8+ Kh7 37. Qh4+ 1-0

[Event "ICS rated standard match"]
[Site "204.178.125.65"]
[Date "2000.08.01"]
[Round "?"]
[White "nezumi"]
[Black "Hossa"]
[Result "1/2-1/2"]
[WhiteElo "2058"]
[BlackElo "2305"]
[PlyCount "120"]
[EventDate "2000.??.??"]

1. d4 Nf6 2. c4 e6 3. Nc3 Bb4 4. e3 d5 5. a3 Bxc3+ 6. bxc3 O-O 7. Bd3 e5 8.
cxd5 Qxd5 9. Ne2 Qxg2 10. Rg1 Qxh2 11. f3 Nc6 12. Qc2 Re8 13. e4 exd4 14. Bf4
Qh4+ 15. Bg3 Qh5 16. O-O-O Qxf3 17. Rdf1 Qe3+ 18. Kb1 Nxe4 19. Bf4 Qxe2 20.
Bxe2 Nxc3+ 21. Kc1 Nxe2+ 22. Kd1 Bh3 23. Rh1 Nc3+ 24. Kc1 Bxf1 25. Qxh7+ Kf8
26. Rxf1 Ne2+ 27. Kd1 Nxf4 28. Rxf4 Ne7 29. Qh8+ Ng8 30. Rg4 g6 31. Kd2 c5 32.
Rh4 Re3 33. Rh7 Ke7 34. Qg7 Rf8 35. Rh8 c4 36. Rxg8 Rxg8 37. Qxg8 c3+ 38. Kd1
Rd3+ 39. Kc1 Rd2 40. Qb8 Kf6 41. Qxb7 a5 42. Qb6+ Kg5 43. Qxa5+ f5 44. Qd8+ Kg4
45. Qf6 Kh5 46. a4 Kh6 47. a5 Kh5 48. a6 Ra2 49. Qxd4 Rxa6 50. Qxc3 g5 51. Qh3+
Kg6 52. Qd3 Rc6+ 53. Kd2 Re6 54. Qd5 Re4 55. Qd6+ Kh5 56. Qh2+ Kg4 57. Qg2+ Kf4
58. Qf2+ Kg4 59. Qg2+ Kf4 60. Qf2+ Kg4 1/2-1/2

[Event "ICS rated standard match"]
[Site "204.178.125.65"]
[Date "2000.08.01"]
[Round "?"]
[White "Hossa"]
[Black "vitaly"]
[Result "1-0"]
[WhiteElo "2298"]
[BlackElo "2107"]
[PlyCount "43"]
[EventDate "2000.??.??"]

1. e4 c5 2. Nf3 a6 3. c4 b5 4. cxb5 Bb7 5. Nc3 e6 6. d4 axb5 7. Bxb5 cxd4 8.
Qxd4 Qc7 9. Bg5 f6 10. Be3 Ne7 11. Bc4 Nc8 12. Nb5 Bb4+ 13. Bd2 Qa5 14. Bxb4
Qxb4+ 15. Nd2 Nc6 16. Nc7+ Ke7 17. Qc3 Ra5 18. a3 Qb6 19. b4 Nxb4 20. Nxe6 dxe6
21. Rb1 Rxa3 22. Qxa3 1-0

[Event "ICS rated blitz match"]
[Site "204.178.125.65"]
[Date "2000.08.01"]
[Round "?"]
[White "MissSilicon"]
[Black "Hossa"]
[Result "1-0"]
[WhiteElo "2721"]
[BlackElo "2496"]
[PlyCount "91"]
[EventDate "2000.??.??"]

1. e4 e6 2. d4 d5 3. Nc3 Bb4 4. e5 c5 5. Bd2 Ne7 6. a3 Bxc3 7. Bxc3 Nbc6 8. Nf3
cxd4 9. Nxd4 Nxe5 10. Nxe6 Bxe6 11. Bxe5 O-O 12. Bd3 Nc6 13. Bg3 Qf6 14. c3 Bf5
15. O-O d4 16. Bxf5 Qxf5 17. cxd4 Rad8 18. Qb3 Rd7 19. Rad1 Nxd4 20. Qe3 Nc2
21. Qxa7 Rxd1 22. Rxd1 Qb5 23. b4 Qe2 24. Rb1 Re8 25. h3 b5 26. Rb3 Qd1+ 27.
Kh2 Qd5 28. Rc3 Ne1 29. f3 Nd3 30. Qe3 Rd8 31. Bc7 Nb2 32. Bxd8 Qxd8 33. Qb6
Qa8 34. Qxb5 Nd1 35. Rc7 Qd8 36. Qc5 Qb8 37. Kg1 g6 38. Rc8+ Qxc8 39. Qxc8+ Kg7
40. b5 h6 41. b6 g5 42. b7 Kf6 43. b8=Q Kg6 44. Qd6+ Kh7 45. Qf6 Nb2 46. Qxf7#
{Hossa checkmated} 1-0

[Event "ICS rated standard match"]
[Site "204.178.125.65"]
[Date "2000.08.01"]
[Round "?"]
[White "QueenMaxima"]
[Black "Hossa"]
[Result "0-1"]
[WhiteElo "2369"]
[BlackElo "2306"]
[PlyCount "160"]
[EventDate "2000.??.??"]

1. d4 Nf6 2. Bf4 g6 3. Nf3 Bg7 4. e3 c5 5. c3 cxd4 6. cxd4 d6 7. Nc3 a6 8. Rc1
h6 9. Bc4 Nh5 10. O-O Nxf4 11. exf4 b6 12. Bd5 Ra7 13. Re1 O-O 14. Be4 e6 15.
Qb3 d5 16. Bd3 Bd7 17. Ne5 b5 18. Qa3 Qb6 19. Ne2 b4 20. Qb3 Nc6 21. Red1 Nxd4
22. Nxd4 Bxe5 23. fxe5 Qxd4 24. Bxg6 Qxe5 25. Bb1 a5 26. Rc5 Qe2 27. Rdc1 f5
28. a3 Qd2 29. Rd1 a4 30. Qg3+ Qg5 31. Qd6 bxa3 32. bxa3 Qg7 33. Qb6 Raa8 34.
Qd6 Rfc8 35. Rxc8+ Rxc8 36. Kh1 Rc3 37. h3 Bc8 38. Qb4 Rc4 39. Qb5 Qd7 40. Qb2
Qb7 41. Qf6 Qg7 42. Qd8+ Qf8 43. Qa5 Qxa3 44. Bxf5 Qb4 45. Qxb4 Rxb4 46. Bg4 a3
47. Ra1 Ra4 48. Bd1 Ra5 49. Kh2 Ba6 50. Kg3 a2 51. Kf4 Bc4 52. Bc2 Rb5 53. Ke3
Rb2 54. Kd2 Bb3 55. Kc3 Rxc2+ 56. Kxb3 Rxf2 57. Rxa2 Rxa2 58. Kxa2 e5 59. Kb3
Kf7 60. g4 h5 61. gxh5 Kg7 62. Kb4 e4 63. Kc3 Kh6 64. Kd4 Kxh5 65. Ke3 Kh4 66.
Kf4 Kxh3 67. Ke3 Kg3 68. Ke2 d4 69. Kd2 e3+ 70. Ke2 Kg2 71. Kd3 Kf3 72. Kxd4 e2
73. Kd5 Kf4 74. Kc6 e1=Q 75. Kd7 Ke5 76. Kc6 Qb4 77. Kc7 Kd5 78. Kd8 Kd6 79.
Ke8 Ke6 80. Kd8 Qb8# 0-1

[Event "ICS rated standard match"]
[Site "204.178.125.65"]
[Date "2000.08.01"]
[Round "?"]
[White "TerraPi"]
[Black "Hossa"]
[Result "1-0"]
[WhiteElo "2294"]
[BlackElo "2325"]
[PlyCount "81"]
[EventDate "2000.??.??"]

1. Nf3 Nc6 2. d4 d5 3. Bf4 e6 4. e3 Bd6 5. Bxd6 cxd6 6. Bd3 e5 7. dxe5 dxe5 8.
Bb5 Bg4 9. O-O a6 10. Bxc6+ bxc6 11. h3 Bxf3 12. Qxf3 Nf6 13. Qg3 Qe7 14. Qxg7
Rg8 15. Qh6 Rb8 16. b3 Rg6 17. Qh4 Rb4 18. c4 Qf8 19. a3 Rxb3 20. cxd5 Qg7 21.
dxc6 Rxg2+ 22. Kh1 Rb6 23. Rd1 e4 24. c7 Rc6 25. Nc3 Rxc7 26. Nxe4 Rxf2 27.
Nxf2 Nd7 28. Rac1 Rxc1 29. Rxc1 f5 30. Rc8+ Kf7 31. Nd3 Qa1+ 32. Rc1 Qh8 33.
Rc7 Qa8+ 34. Kh2 Kg8 35. Qc4+ Kf8 36. Rxd7 Qb8+ 37. Rc7 Qxc7+ 38. Qxc7 Kg8 39.
Ne5 Kh8 40. Qf7 f4 41. Qf8# {Hossa checkmated} 1-0

[Event "ICS rated standard match"]
[Site "204.178.125.65"]
[Date "2000.08.01"]
[Round "?"]
[White "Hossa"]
[Black "barrie"]
[Result "1-0"]
[WhiteElo "2308"]
[BlackElo "1979"]
[PlyCount "61"]
[EventDate "2000.??.??"]

1. e4 e6 2. d4 d5 3. Nc3 Bb4 4. e5 b6 5. a3 Bf8 6. Nf3 Ba6 7. Bxa6 Nxa6 8. Qe2
Nb8 9. Be3 Qd7 10. O-O-O c5 11. Bg5 c4 12. Bh4 h6 13. g4 b5 14. h3 a5 15. Nb1
b4 16. c3 bxa3 17. Nxa3 Na6 18. Rhg1 Rb8 19. Nb1 Qa4 20. g5 h5 21. g6 Qa1 22.
gxf7+ Kxf7 23. Ng5+ Ke8 24. Nxe6 Ba3 25. Nxg7+ Kd7 26. e6+ Kc6 27. Rd2 Nb4 28.
cxb4 c3 29. Qa6+ Rb6 30. b5+ Kc7 31. Ne8+ {barrie resigns} 1-0

[Event "ICS rated standard match"]
[Site "204.178.125.65"]
[Date "2000.08.01"]
[Round "?"]
[White "barrie"]
[Black "Hossa"]
[Result "0-1"]
[WhiteElo "1975"]
[BlackElo "2312"]
[PlyCount "36"]
[EventDate "2000.??.??"]

1. d4 Nf6 2. c4 e6 3. g3 d5 4. Bg2 dxc4 5. Nf3 Bb4+ 6. Bd2 Be7 7. O-O Nc6 8. e3
Bd6 9. Qe2 e5 10. dxe5 Nxe5 11. Nxe5 Bxe5 12. Rd1 Bg4 13. f3 Bf5 14. e4 Qd4+
15. Kh1 Qxb2 16. exf5 O-O-O 17. Nc3 Bxc3 18. Bxc3 Qxe2 0-1

[Event "ICS rated blitz match"]
[Site "204.178.125.65"]
[Date "2000.08.01"]
[Round "?"]
[White "Hossa"]
[Black "MissSilicon"]
[Result "0-1"]
[WhiteElo "2489"]
[BlackElo "2699"]
[PlyCount "138"]
[EventDate "2000.??.??"]

1. e4 e5 2. f4 Nf6 3. fxe5 Nxe4 4. Qf3 d5 5. d3 Ng5 6. Qf2 Be7 7. Be3 Nc6 8.
Nd2 Nxe5 9. h3 O-O 10. O-O-O Bf6 11. Re1 Re8 12. d4 Nc6 13. h4 Ne4 14. Nxe4
dxe4 15. Bb5 Bd7 16. Bxc6 Bxc6 17. Ne2 Bd5 18. Nc3 a5 19. h5 Bc4 20. Rd1 Bg5
21. h6 gxh6 22. Rh5 f6 23. Bxg5 fxg5 24. Rxh6 Ra6 25. Rxa6 e3 26. Qf5 bxa6 27.
Rh1 Qe7 28. Kb1 e2 29. Re1 Rf8 30. Nd5 Qg7 31. Qe4 Rf1 32. Qe8+ Qf8 33. Nf6+
Rxf6 34. Qe5 Rf1 35. Qxg5+ Qg7 36. Qd8+ Rf8 37. Qh4 Qxg2 38. b3 Bf7 39. Qe7 Qg3
40. Rxe2 Re8 41. Qxe8+ Bxe8 42. Rxe8+ Kf7 43. Re4 h5 44. d5 h4 45. d6 cxd6 46.
Kc1 h3 47. Kd2 a4 48. Re3 Qf4 49. Ke2 Qg4+ 50. Kd2 h2 51. Re1 Qf4+ 52. Kd1 Qf3+
53. Kc1 Qc3 54. Rf1+ Ke7 55. Kd1 Qa1+ 56. Ke2 Qxf1+ 57. Kxf1 h1=Q+ 58. Ke2 Qe4+
59. Kd2 Qd4+ 60. Ke2 a3 61. Ke1 Qa1+ 62. Kd2 Qxa2 63. Kd3 Qb2 64. Kd2 Qd4+ 65.
Ke2 Qe4+ 66. Kf2 a2 67. c3 a1=Q 68. Kg3 Qae1+ 69. Kh2 Q4h1# 0-1

[Event "ICS rated standard match"]
[Site "204.178.125.65"]
[Date "2000.08.01"]
[Round "?"]
[White "Hossa"]
[Black "modernpawn"]
[Result "1-0"]
[WhiteElo "2316"]
[BlackElo "2046"]
[PlyCount "57"]
[EventDate "2000.??.??"]

1. e4 e5 2. Nf3 Nc6 3. d4 exd4 4. Nxd4 Nf6 5. Nxc6 bxc6 6. Bg5 Be7 7. f3 d5 8.
Qd4 O-O 9. Nd2 c5 10. Qe5 Re8 11. Bb5 Nd7 12. Bxe7 Nxe5 13. Bxd8 Rxd8 14. exd5
Rxd5 15. f4 c6 16. Be2 Ng4 17. Bf3 Rd6 18. Ne4 Rd8 19. Nxc5 Ne3 20. Rc1 Bf5 21.
Kf2 Nxc2 22. g4 Rd2+ 23. Kg3 Bc8 24. Nb3 Bxg4 25. Nxd2 Bxf3 26. Nxf3 Nb4 27. a3
Nd5 28. Nd4 Re8 29. Rhe1 1-0

[Event "ICS rated blitz match"]
[Site "164.58.253.13"]
[Date "2000.08.01"]
[Round "?"]
[White "Hossa"]
[Black "DeepJr"]
[Result "0-1"]
[WhiteElo "2109"]
[BlackElo "2079"]
[PlyCount "104"]
[EventDate "2000.??.??"]

1. e4 c5 2. Nf3 d6 3. d4 cxd4 4. Nxd4 Nf6 5. Nc3 Nc6 6. Bg5 e6 7. Qd2 a6 8.
O-O-O Bd7 9. f4 b5 10. Bxf6 gxf6 11. Nxc6 Bxc6 12. Qd4 Rb8 13. g3 b4 14. Nb1
Qa5 15. Bc4 Be7 16. Nd2 O-O 17. g4 Rfc8 18. h4 Bb7 19. f5 d5 20. exd5 Bxd5 21.
Bxd5 exd5 22. Kb1 Qc7 23. Qd3 Bd6 24. g5 Kh8 25. gxf6 Be5 26. Rdg1 Bxf6 27. Nf3
Rb5 28. Rg4 Rc5 29. Rg2 a5 30. Qd2 Qd7 31. Qh6 Qxf5 32. Ne1 R5c6 33. Qe3 Re6
34. Qd2 Qe4 35. h5 a4 36. Nd3 b3 37. Rhg1 Bd4 38. cxb3 Bxg1 39. Rxg1 axb3 40.
Ka1 Qd4 41. Qg5 Ra8 42. Nc1 Re2 43. Qd8+ Rxd8 44. Nxe2 Qf2 45. a3 Qxe2 46. Rc1
Qd2 47. Kb1 Qd3+ 48. Ka1 Qe3 49. Rd1 Rg8 50. Rb1 Rg1 51. h6 Rxb1+ 52. Kxb1 Qg1#
0-1

[Event "ICS rated blitz match"]
[Site "204.178.125.65"]
[Date "2000.08.01"]
[Round "?"]
[White "Hossa"]
[Black "PostModernist"]
[Result "0-1"]
[WhiteElo "2476"]
[BlackElo "2708"]
[PlyCount "78"]
[EventDate "2000.??.??"]

1. e4 c5 2. Nf3 g6 3. d4 cxd4 4. Qxd4 Nf6 5. Qa4 Nc6 6. e5 Nd5 7. Bd3 Bg7 8.
O-O O-O 9. Kh1 d6 10. exd6 Qxd6 11. Na3 Ncb4 12. Be4 Bd7 13. Qb3 Qa6 14. Nd2
Ba4 15. Qf3 Bc6 16. c3 f5 17. cxb4 fxe4 18. Qb3 Qd3 19. b5 Bd7 20. Qc4 Bf5 21.
Nab1 e3 22. fxe3 Qxc4 23. Nxc4 Bxb1 24. Re1 Bd3 25. Na5 b6 26. Nb3 Rf2 27. Nd4
Be4 28. Rg1 Bxd4 29. exd4 Rc8 30. h4 Rcc2 31. Kh2 Bxg2 32. Bd2 Rcxd2 33. Raf1
Bxf1+ 34. Kg3 Ne3 35. d5 Nf5+ 36. Kg4 Rd4+ 37. Kg5 Rxh4 38. b3 Rh5+ 39. Kg4
Be2# {Hossa checkmated} 0-1

[Event "ICS rated blitz match"]
[Site "204.178.125.65"]
[Date "2000.08.01"]
[Round "?"]
[White "PostModernist"]
[Black "Hossa"]
[Result "0-1"]
[WhiteElo "2715"]
[BlackElo "2469"]
[PlyCount "186"]
[EventDate "2000.??.??"]

1. e4 e5 2. Bc4 Nf6 3. d3 Bc5 4. Nc3 c6 5. Nf3 d6 6. Bg5 Be6 7. Bxe6 fxe6 8.
Qd2 Qa5 9. Bxf6 gxf6 10. Qh6 Nd7 11. Qh5+ Ke7 12. O-O Rag8 13. a3 Qd8 14. b4
Bd4 15. Nxd4 exd4 16. Ne2 c5 17. Qh3 Ne5 18. f3 Qc8 19. Nf4 c4 20. Rfe1 h5 21.
Rad1 Rg5 22. Ne2 Rhg8 23. Ng3 Ng6 24. Rc1 Nf4 25. Qh4 e5 26. Kf1 Ke6 27. Kg1
Kd7 28. Kh1 cxd3 29. cxd3 Qe8 30. Rc2 Nxd3 31. Rd1 Nf4 32. Rdc1 Qb8 33. b5 d3
34. Rd2 Qd8 35. Rb2 Qa5 36. Ra1 Qc3 37. Rba2 Kc7 38. Rb1 Qc5 39. a4 Kb8 40. Re1
R5g6 41. Rf1 Qc4 42. Rfa1 Rg5 43. b6 axb6 44. Rb2 Qc3 45. Rba2 Kc7 46. Rb1 R8g6
47. Rf2 Qc6 48. Ra2 Rg8 49. Rba1 Qc4 50. Rd2 Qc3 51. Rad1 Qa3 52. Rb1 Qxa4 53.
Rdb2 Qc6 54. Ra2 Qc3 55. Rba1 Kd7 56. Rg1 Qc4 57. Rb2 Qd4 58. Ra2 Qc5 59. Re1
Qc4 60. Rd2 Qb4 61. Red1 Qb5 62. Rf2 Qc5 63. Ra2 Qc4 64. Rb2 Kc7 65. Rg1 Qc3
66. Ra2 Qb3 67. Rga1 Kd7 68. Kg1 R8g7 69. Kh1 R7g6 70. Ra3 Qc2 71. R3a2 Qc4 72.
Ra4 Qc5 73. R4a2 b5 74. Rb1 Qc3 75. Rf2 Rg8 76. Ra2 Qc7 77. Rab2 Kd8 78. Rd2
Qd7 79. Ra1 Qc8 80. Rb2 Qc3 81. Rba2 b4 82. Rd1 Kd7 83. Rad2 Qc5 84. Ra2 Ke6
85. Rf1 b3 86. Rb2 Qc3 87. Rbf2 b2 88. Rg1 Qc1 89. Rxb2 Qxb2 90. Qxg5 Rxg5 91.
Nf5 Rxg2 92. Ng7+ Kf7 93. Rf1 Rxh2+ 0-1

[Event "ICS rated blitz match"]
[Site "204.178.125.65"]
[Date "2000.08.01"]
[Round "?"]
[White "Hossa"]
[Black "PostModernist"]
[Result "1/2-1/2"]
[WhiteElo "2495"]
[BlackElo "2689"]
[PlyCount "288"]
[EventDate "2000.??.??"]

1. d4 Nf6 2. c4 g6 3. Nc3 d5 4. Nf3 Bg7 5. Qb3 dxc4 6. Qxc4 O-O 7. e4 Nc6 8.
Bd3 Ng4 9. h3 Nxd4 10. hxg4 Nxf3+ 11. gxf3 Be6 12. Nd5 c6 13. Qb4 cxd5 14. Qxb7
Qd6 15. Bg5 f6 16. Bc1 a5 17. Qb5 Rfd8 18. Be2 dxe4 19. fxe4 Rdb8 20. Qa4 Rb4
21. Qa3 Qe5 22. Qh3 Rxe4 23. Qxh7+ Kf7 24. Be3 Bxg4 25. Rh6 Qxb2 26. Qxg6+ Kg8
27. Bxg4 Qxa1+ 28. Ke2 Qxa2+ 29. Kf3 Ra4 30. Rh5 Qb3 31. Kg2 e5 32. Bf3 e4 33.
Bxe4 Rxe4 34. Qxe4 Rb8 35. Rd5 Qb7 36. Kh2 Rf8 37. Qe6+ Rf7 38. Qf5 Bf8 39. Kg1
a4 40. Kf1 a3 41. Bd4 a2 42. Qg4+ Bg7 43. Rd8+ Rf8 44. Qe6+ Qf7 45. Qxf7+ Kxf7
46. Rd7+ Kg6 47. Ra7 Rd8 48. Bc3 Rc8 49. Bb2 Rc2 50. Rxa2 Bh6 51. f4 Bxf4 52.
Ra4 Rxb2 53. Rxf4 Kg5 54. Rf3 f5 55. Rg3+ Kf4 56. Rh3 Kg4 57. Re3 f4 58. Rd3 f3
59. Rd5 Kg3 60. Rg5+ Kf4 61. Rh5 Rd2 62. Rc5 Kg4 63. Re5 Rg2 64. Re4+ Kg3 65.
Re6 Rc2 66. Rg6+ Kf4 67. Rf6+ Kg4 68. Rg6+ Kf5 69. Rh6 Ke4 70. Re6+ Kd4 71.
Rd6+ Ke5 72. Rg6 Rd2 73. Rg5+ Ke4 74. Rh5 Re2 75. Rh4+ Ke3 76. Rc4 Rf2+ 77. Kg1
Ra2 78. Rc3+ Ke2 79. Rc1 Rd2 80. Rb1 Rc2 81. Ra1 Rb2 82. Rc1 Ra2 83. Rb1 Rd2
84. Rc1 Rb2 85. Ra1 Rc2 86. Rb1 Rc3 87. Rb2+ Ke3 88. Kh2 Rc1 89. Rb3+ Kf4 90.
Rb4+ Ke5 91. Rb5+ Kd4 92. Rb4+ Kc5 93. Rf4 Kd5 94. Rxf3 Rc8 95. Kh3 Ke4 96. Rg3
Rh8+ 97. Kg4 Rf8 98. Kh4 Kf4 99. Kh3 Rh8+ 100. Kg2 Ke4 101. Kf2 Kd4 102. Kg1
Rf8 103. Kh1 Rf2 104. Kg1 Rf5 105. Kh1 Ke4 106. Kh2 Rf8 107. Kg2 Rb8 108. Kh2
Kf4 109. Rh3 Rg8 110. Kh1 Rd8 111. Kh2 Rd2+ 112. Kg1 Re2 113. Kh1 Re8 114. Kh2
Rd8 115. Kg2 Ke4 116. Kh1 Rb8 117. Kg1 Rc8 118. Kh1 Rg8 119. Kh2 Kd4 120. Rf3
Rg6 121. Kh3 Rg7 122. Kh4 Rg8 123. Kh5 Rg1 124. Kh6 Ke4 125. Rh3 Rg2 126. Kh7
Kd4 127. Kh8 Rg1 128. Rh2 Ke3 129. Kh7 Rg3 130. Kh8 Kd3 131. Kh7 Rg5 132. Kh8
Kc3 133. Kh7 Rg1 134. Kh8 Rg3 135. Kh7 Rg5 136. Kh8 Rg1 137. Kh7 Kd3 138. Kh6
Rg4 139. Kh7 Kd4 140. Kh6 Ke3 141. Kh7 Rg1 142. Rc2 Rg5 143. Kh8 Kd4 144. Rd2+
Ke4 1/2-1/2

[Event "ICS rated bullet match"]
[Site "204.178.125.65"]
[Date "2000.08.01"]
[Round "?"]
[White "JSBach"]
[Black "Hossa"]
[Result "0-1"]
[WhiteElo "2110"]
[BlackElo "2492"]
[PlyCount "50"]
[EventDate "2000.??.??"]

1. e4 e5 2. Qh5 Nc6 3. Bc4 g6 4. Qf3 Nf6 5. Qb3 Nd4 6. Qd3 d5 7. exd5 Bf5 8.
Qc3 Nxc2+ 9. Kd1 Nxa1 10. Qxe5+ Be7 11. d3 O-O 12. b3 Ng4 13. Qd4 Bf6 14. Qc5
b6 15. Qxf8+ Qxf8 16. Ba3 Qb8 17. Nh3 b5 18. Nd2 bxc4 19. dxc4 Bd4 20. Ke2 Qe8+
21. Kf3 Nxf2 22. Re1 Qxe1 23. g4 Be4+ 24. Nxe4 Qxe4+ 25. Kg3 Qxg4# {
JSBach checkmated} 0-1

[Event "ICS rated standard match"]
[Site "204.178.125.65"]
[Date "2000.08.01"]
[Round "?"]
[White "PostModernist"]
[Black "Hossa"]
[Result "1/2-1/2"]
[WhiteElo "2418"]
[BlackElo "2319"]
[PlyCount "73"]
[EventDate "2000.??.??"]

1. d4 Nf6 2. c4 g6 3. Nc3 d5 4. cxd5 Nxd5 5. e4 Nxc3 6. bxc3 c5 7. Bc4 Bg7 8.
Ne2 Nc6 9. Be3 Qa5 10. O-O cxd4 11. cxd4 b5 12. Bd5 Bb7 13. Bxc6+ Bxc6 14. d5
Bd7 15. Bd4 f6 16. Bc5 Rc8 17. Qd4 Qa4 18. Qxa4 bxa4 19. Bxa7 f5 20. Rac1 fxe4
21. Rxc8+ Bxc8 22. Re1 Kf7 23. Nf4 Bf5 24. g4 Bxg4 25. Rxe4 Bd1 26. Ne6 Bf6 27.
Bd4 Bf3 28. Bxf6 exf6 29. Rxa4 Rb8 30. Ra7+ Kg8 31. h3 Rb1+ 32. Kh2 Bxd5 33.
Nc7 Bc6 34. Ne6 Bd5 35. Nc7 Bc6 36. Ne6 Bd5 37. Nc7 1/2-1/2

[Event "ICS rated blitz match"]
[Site "204.178.125.65"]
[Date "2000.08.01"]
[Round "?"]
[White "Hossa"]
[Black "MissSilicon"]
[Result "0-1"]
[WhiteElo "2503"]
[BlackElo "2680"]
[PlyCount "100"]
[EventDate "2000.??.??"]

1. d4 Nf6 2. c4 e6 3. Nc3 Bb4 4. Qc2 c5 5. dxc5 O-O 6. e4 Bxc5 7. Bg5 h6 8. Bh4
d6 9. a3 Nc6 10. Nge2 Ne5 11. Na4 Ng6 12. Bg3 e5 13. b4 Bb6 14. Nxb6 Qxb6 15.
Nc3 a5 16. bxa5 Qxa5 17. Bd3 Qc5 18. Qb2 Be6 19. Nd5 Qa5+ 20. Qd2 Bxd5 21. exd5
Qc5 22. Qb2 b5 23. cxb5 Qxd5 24. Bf1 Qe4+ 25. Kd2 Ra4 26. Bd3 Rd4 27. Qc2 Qxg2
28. Rhg1 Qd5 29. f3 Qxf3 30. Rae1 Nf4 31. Bxf4 Qxf4+ 32. Kd1 Qf3+ 33. Kd2 e4
34. Rg3 Qf4+ 35. Kd1 Ng4 36. Rxe4 Nf2+ 37. Ke2 Nxe4 38. Rf3 Qxh2+ 39. Ke3 Qg1+
40. Rf2 Nxf2 41. Bh7+ Kh8 42. Kxd4 Nd1+ 43. Ke4 Re8+ 44. Kd5 Ne3+ 45. Kc6 Nxc2
46. Kd7 Rb8 47. Bf5 Qb6 48. Bg4 Rd8+ 49. Ke7 Qc7+ 50. Bd7 Qxd7# {
Hossa checkmated} 0-1

[Event "ICS Rated standard match"]
[Site "204.178.125.65"]
[Date "2000.08.01"]
[Round "?"]
[White "Hossa"]
[Black "Cole-Hann"]
[Result "1-0"]
[WhiteElo "2323"]
[BlackElo "1912"]
[PlyCount "47"]
[EventDate "2000.??.??"]

1. e4 c5 2. Nf3 d6 3. d4 cxd4 4. Nxd4 Nf6 5. Nd2 g6 6. Bd3 Bg7 7. c3 O-O 8.
N2b3 e5 9. Nc2 d5 10. exd5 Nxd5 11. Be4 Nf6 12. Bd3 Nc6 13. Bg5 h6 14. Bh4 Qc7
15. Qe2 b6 16. Rd1 Bb7 17. Ne3 Rfe8 18. O-O e4 19. Bc4 Ne5 20. Bxf6 Nf3+ 21.
gxf3 exf3 22. Qd3 Bxf6 23. Qxg6+ Bg7 24. Nf5 1-0

[Event "ICS rated blitz match"]
[Site "204.178.125.65"]
[Date "2000.08.01"]
[Round "?"]
[White "MissSilicon"]
[Black "Hossa"]
[Result "1-0"]
[WhiteElo "2701"]
[BlackElo "2495"]
[PlyCount "109"]
[EventDate "2000.??.??"]

1. d4 Nf6 2. c4 e6 3. Nc3 Bb4 4. Bg5 h6 5. Bh4 c5 6. d5 Bxc3+ 7. bxc3 d6 8. e3
g5 9. Bg3 e5 10. Bd3 e4 11. Bc2 O-O 12. Ne2 Qe7 13. O-O Kh8 14. Rb1 Nh5 15. f3
exf3 16. Qd3 f5 17. Rxf3 Nd7 18. Rxf5 Ndf6 19. Rf2 Rg8 20. Rbf1 Rg7 21. h4 Bg4
22. hxg5 hxg5 23. Bh2 Rf8 24. e4 Rgg8 25. e5 dxe5 26. d6 Qe8 27. Rxf6 Nxf6 28.
Bxe5 Qxe5 29. Rxf6 Bf5 30. Rxf5 Rxf5 31. Qxf5 Qxf5 32. Bxf5 Kg7 33. Ng3 Kf6 34.
Kf2 Rf8 35. Kf3 Rh8 36. Bh3 Rf8 37. Ne4+ Kg6+ 38. Ke3 b6 39. Bg4 a6 40. a4 a5
41. d7 Rh8 42. Nd6 Kf6 43. Ke4 Ke7 44. Kd5 Rf8 45. Nc8+ Kd8 46. Kd6 Rf2 47. Bf3
Rd2+ 48. Bd5 Rf2 49. Ne7 Rf6+ 50. Be6 Rxe6+ 51. Kxe6 Kc7 52. Nd5+ Kb7 53. d8=Q
Ka7 54. Qxb6+ Ka8 55. Nc7# {Hossa checkmated} 1-0